| 000 | 00932cam a22003017a 4500 | ||
|---|---|---|---|
| 003 | CHAP | ||
| 005 | 20220329134143.0 | ||
| 008 | 971013s1972 r 00010 d | ||
| 010 | _a16230 | ||
| 011 | _a17202 | ||
| 035 | _a21285 | ||
| 040 | _cCHAP | ||
| 082 |
_a923.272 _bG8 |
||
| 100 | 0 | 0 |
_aGutiérrez Galindo, José C. _951686 |
| 245 | 0 | _aCon Cárdenas por la cuenca del Balsas | |
| 260 |
_aMéxico, D.F., : _bCosta-Amic, _c1972 |
||
| 300 | _av | ||
| 500 | _aLa biblioteca tiene: v.1 | ||
| 590 |
_aBATCH-UPD _b10 _c20130110 _lUCH01 _h2206 |
||
| 590 |
_aBATCH-UPD _b10 _c20130410 _lUCH01 _h1511 |
||
| 590 |
_aBATCH-UPD _b10 _c20130914 _lUCH01 _h1018 |
||
| 590 |
_aCONVERSION _b10 _c20130109 _lUCH01 _h1310 |
||
| 650 | 1 | 4 |
_aCárdenas del Río, Lázaro, _y1895-1970. _924055 |
| 710 | 0 |
_aComisión del Río Balsas. _925704 |
|
| 901 | _aBK | ||
| 942 | _cLIBRO | ||
| 949 |
_a923.272 G8 _bBC _cLIBRO _d-49565 _eLIBRO _fv.1 _h1205 _i21285 _mD _si |
||
| 999 |
_c16230 _d16230 |
||